Statistics for Missing Letters Capitals 1

Click here to take the quiz!

General Stats

  • This quiz has been taken 60 times
    (23 since last reset)
  • The average score is 8 of 20

Answer Stats

HintAnswer% Correct
*e**s*l*mJerusalem
65%
*r*s*l*aBrasilia
50%
*ak***aJakarta
50%
P**s***aPristina
50%
**g*Riga
50%
*o**o*London / Moscow
45%
*o**oTokyo
45%
*e**u*Beirut
40%
B****e*tBudapest
40%
*o*e*h**e*Copenhagen
40%
**s**n*t*nWashington
40%
B**h*e*Bishkek
35%
S**p**Skopje
35%
***j*n*Beijing
30%
*ie*t*a**Vientiane
30%
*u**an*eDushanbe
25%
N***o**Nairobi
25%
*i*re**l**Libreville
20%
*ad**Vaduz
20%
*a**e*Zagreb
15%

Score Distribution

Percentile by Number Answered

Percent of People with Each Score

Your Score History

You have not taken this quiz since the last reset